Chanteurs et musiciens en K (par images). - Statistiques

Statistiques générales
  • Ce quiz a été pris 334 fois
  • Le résultat moyen est 8 sur 16
Statistiques - réponses
Par images Réponse % Correct
Keen'V
89%
Kaaris
81%
Kiss
74%
Philippe Katerine
72%
Khaled
69%
Koba laD
65%
Kyo
60%
Marina Kaye
59%
Kalash Criminel
53%
Patricia Kaas
53%
Claire Keim
35%
Kungs
28%
B. B. King
16%
Korn
16%
The Kinks
10%
Gladys Knight
2%
Aucun quiz correspondant
Distribution des résultats
% des personnes avec chaque résultat
Percentile par nombre de réponses
Votre historique - résultats
Vous n’avez pas pris ce quiz